Statistiques concernant Membres Sexion d'assault

Cliquez ici pour prendre le quiz!

Statistiques générales

  • Ce quiz a été pris 141 fois
  • Le résultat moyen est 5 sur 13

Statistiques - réponses

HintRéponse% Correct
2002-Black M
96%
2002-2016Gims
96%
2002-2019Lefa
77%
2002-Maska
60%
2002-2019Barack Adama
41%
2002-JR O Crom
37%
2002-Doomams
30%
2002-2019L.I.O. Pétrodollars
27%
2002-2007Anraye
5%
2002-2010Balistik
5%
2002-2008R-Mak
5%
2002-2006Desdes
4%
2002-2008Macadam
2%

Distribution des résultats

Percentile par nombre de réponses

% des personnes avec chaque résultat

Votre développement - résultats

Vous n’avez pas pris ce quiz